It looks like you're offline.
Open Library logo
additional options menu

MARC record from Internet Archive

LEADER: 03464cam 2200661Ma 4500
001 ocm45728188
003 OCoLC
005 20210216194408.0
008 001008s1963 okua ob 000 0 eng d
006 m o d
007 cr cn|||||||||
010 $z 63008990
040 $aN$T$beng$epn$cN$T$dOCL$dOCLCQ$dYDXCP$dOCLCQ$dTNF$dOCLCE$dEYM$dSYB$dREDDC$dCNTRU$dOCLCO$dGRPVE$dOCLCQ$dOCLCF$dNHA$dOCLCQ$dOCL$dOCLCQ$dLUE$dOCLCA$dINARC$dOCL
019 $a63179915$a70781230$a532692538$a755054093$a775570697$a1036953724
020 $a0585289425$q(electronic bk.)
020 $a9780585289427$q(electronic bk.)
020 $a0806111992
020 $a9780806111995
035 $a(OCoLC)45728188$z(OCoLC)63179915$z(OCoLC)70781230$z(OCoLC)532692538$z(OCoLC)755054093$z(OCoLC)775570697$z(OCoLC)1036953724
050 4 $aE99.C53$bB46 1963eb
072 7 $aHIS$x038000$2bisacsh
072 7 $aHIS$x029000$2bisacsh
082 04 $a970.3
084 $aHR 1867$2rvk
100 1 $aBerthrong, Donald J.
245 14 $aThe Southern Cheyennes /$cby Donald J. Berthrong.
260 $aNorman :$bUniversity of Oklahoma Press,$c©1963.
300 $a1 online resource (446 pages) :$billustrations.
336 $atext$btxt$2rdacontent
337 $acomputer$bc$2rdamedia
338 $aonline resource$bcr$2rdacarrier
490 1 $aCivilization of the American Indian series ;$v66
504 $aIncludes bibliographical references.
505 0 $aEarly migrations of the Cheyennes -- A way of life on the Great Plains -- Religion and government among the Cheyennes -- Cheyennes on the Arkansas River -- An agent and treaty come to the Cheynnes -- The last years of freedom -- Anticipation of war -- Skirmishes and retaliations -- Massacre at Sand Creek -- Reprisal and Peace -- The hostiles come south -- War returns -- The treaty of Medicine lodge : another peace fails -- The end of freedom -- The last war.
588 0 $aPrint version record.
650 0 $aCheyenne Indians.
650 0 $aCheyenne Indians$xWars.
650 0 $aSand Creek Massacre, Colo., 1864.
650 7 $aHISTORY$xAmericas (North, Central, South, West Indies)$2bisacsh
650 7 $aHISTORY.$2bisacsh
650 7 $aCheyenne Indians.$2fast$0(OCoLC)fst00853943
650 7 $aCheyenne Indians$xWars.$2fast$0(OCoLC)fst00853967
651 7 $aColorado.$2fast$0(OCoLC)fst01210251
647 7 $aSand Creek Massacre$c(Colorado :$d1864)$2fast$0(OCoLC)fst01404397
648 7 $a1864$2fast
655 4 $aElectronic books.
776 08 $iPrint version:$aBerthrong, Donald J.$tSouthern Cheyennes.$dNorman : University of Oklahoma Press, ©1963$z0806111992$w(DLC) 63008990$w(OCoLC)282378
830 0 $aCivilization of the American Indian series ;$v66.
856 40 $3EBSCOhost$uhttp://search.ebscohost.com/login.aspx?direct=true&scope=site&db=nlebk&db=nlabk&AN=15288
856 40 $uhttps://login.lacollegelibrary.idm.oclc.org/login?url=http://search.ebscohost.com/login.aspx?direct=true&scope=site&db=nlebk&AN=15288
856 40 $uhttps://archive.org/details/southerncheyenne00bert$zFree eBook from the Internet Archive
856 42 $uhttps://openlibrary.org/books/OL5878567M$zAdditional information and access via Open Library
938 $aEBSCOhost$bEBSC$n15288
938 $aYBP Library Services$bYANK$n2319425
938 $aInternet Archive$bINAR$nsoutherncheyenne00bert
029 1 $aNZ1$b11776922
994 $aZ0$bP4A
948 $hNO HOLDINGS IN P4A - 701 OTHER HOLDINGS